Normal view
MARC view
- Dawood Ahmed Basit Muhammad Imran Syed Arsalan Aijaz Muhammad Sarib Khan
Entry Personal Name
001 - CONTROL NUMBER
- control field: 71453
003 - CONTROL NUMBER IDENTIFIER
- control field: NUST
005 - DATE AND TIME OF LATEST TRANSACTION
- control field: 20210628204635.0
008 - FIXED-LENGTH DATA ELEMENTS
- fixed length control field: 210628|| aca||aabn | a|a d
040 ## - CATALOGING SOURCE
- Original cataloging agency: NUST
- Transcribing agency: NUST
100 ## - HEADING--PERSONAL NAME
- Personal name: Dawood Ahmed Basit Muhammad Imran Syed Arsalan Aijaz Muhammad Sarib Khan
670 ## - SOURCE DATA FOUND
- Source citation: Work cat.: (NUST): Dawood Ahmed Basit Muhammad Imran Syed Arsalan Aijaz Muhammad Sarib Khan, PR-SOF-1775-SELFIE DRONE, 2019
